00495 2200193 4500001002100000005001500021035002000036245005000056100002200106250000600128300003100134260003400165082001100199084001700210020001800227650002200245990001700267990001700284INLIS00000000000088120190315115204 a0010-03190000941 aUpaya Melestarikan Penyu /cNoverta Ebt, S.Pd0 aNoverta Ebt, S.Pd a- a88 hlm. :bilus. ;c21 cm. aSurabaya :bCV Karunia,c2009 a639.39 a639.39 NOV u a979-9039-10-X aPeternakan Reptil a03169/H/2018 a03170/H/2018